000
00299nam a22001217a 4500
008
181127b xxu||||| |||| 00| 0 eng d
041
_a
eng
080
_a
043.3
100
_a
0
101
_a
BTH-MBE
245
_a
Analiza e pasqyrave financiare të bankës për biznes
_c
Misini,Sh
942
_2
udc
_c
BK
999
_c
52600
_d
52600